000 00656nam a2200217Ia 4500
003 OSt
005 20251119100600.0
008 210210b1957 xxu||||| |||| 00| 0 eng d
040 _cAL
041 _aKannada
082 _a851/103
100 _aKRASHNASHASTRI (S N)
_dಕೃಷ್ಣಶಾಸ್ತ್ರಿ (ಎಸ್ ಎನ್)
_9246317
245 _aShrigita bhamini shatpadi
_bಶ್ರೀ ಗೀತಾ ಭಾಮಿನಿ ಷಟ್ಪದಿ
260 _aMudabidre
_b-
_c1957
650 _aShrigita
_9246318
650 _ashatpadi
_9246319
650 _abhamini
_9246320
690 _aKannada Poetry
_9246321
906 _a018120
942 _2ddc
_cBK
999 _c141248
_d141248